00596nam a2200193 a 4500008004100000020002200041100002200063245008000085260003300165300002100198440004100219500004100260500002000301650002800321650002600349003000100375005001700376040000900393  a074941667X (pbk.)1 aMeighan, Michael.10aHow to design and deliver induction training programmes /cMichael Meighan. aLondon :bKogan Page,c1995. a130 p. ;c22 cm. 0aKogan Page practical trainer series. aIncludes bibliographical references. aIncludes index. 0aEmployeesxTraining of. 0aPersonnel management.20230123133625.0 cNUST